00342nam a2200157Ia 4500003000400000005001700004008004100021040000700062041000800069082001500077100001600092245003500108260001700143300000900160650001500169OSt20251121151043.0250729s1954 xx 000 0 und d cAL aeng a301.1 FLES aFleming C M aSocial psychology of education aLondonc1954 a110p aPsychology